00625nam a2200241Ia 4500008004100000020001800041040000600059041001200065082000800077082001100085100002200096245006300118245002200181250000600203260001400209260002200223260000900245300005500254300001000309365002500319501002500344650001400369141004s9999 xx 000 0 und d a81 317 0210 3 ca aEnglish a910 bBER/IN aEdward F Bergman aIntroduction to geography : People, Places and environment cEdward F Bergman a3 aNew Delhi bPearson education c2008 a706 p.  b28 cm aRs.475  a3A2  aGeography